Dictionnaire mythologique universel, ou, Biographie mythique des dieux et des personnages fabuleux de la Grece, de l'Italie, de l'Egypte ... etc /

Bibliographic Details
Main Author: Jacobi, E. (Eduard Adolf), 1796-1865
Other Authors: Bernard, Thales, 1821-1873
Format: Microform Book
Language:French
Published: Paris : Firmin Didot freres, 1846.
Subjects:

MARC

Tag First Indicator Second Indicator Subfields
LEADER 00000cam a2200000 a 4500
001 in00000086849
005 20151008062809.0
007 he bm| ba||
008 780130r1846 kyu bdi 00010 fre d
035 |a (OCoLC)03586864 
035 |9 AAK0955AM 
040 |a DLC  |c RRR  |d RRR  |d TXA  |d UtOrBLW 
041 1 |a fre  |h ger 
049 |a TXAI 
082 0 |a 290.3 
099 |a fiche  |a C  |a 4310 
100 1 |a Jacobi, E.  |q (Eduard Adolf),  |d 1796-1865. 
245 1 0 |a Dictionnaire mythologique universel, ou, Biographie mythique des dieux et des personnages fabuleux de la Grece, de l'Italie, de l'Egypte ... etc /  |c Ouvrage compose sur un plan entierement neuf, par le dr. E. Jacobi; traduit de l'allemand, refondu et complete par Th. Bernard. 
264 1 |a Paris :  |b Firmin Didot freres,  |c 1846. 
300 |a 515 pages ;  |c 19 cm. 
336 |a text  |b txt  |2 rdacontent 
337 |a microform  |b h  |2 rdamedia 
338 |a microfiche  |b he  |2 rdacarrier 
500 |a Translation of: Handworterbuch der griechischen und romischen mythologie. 
500 |a "Sabin : 35494." 
500 |a "Copied from the original in the Library of Congress." 
533 |a Microfiche.  |b Louisville, [Ky.] :  |c Lost Cause Press,  |d 1976.  |e 7 microfiches : negative ; 11 x 15 cm.  |f ([Bibliotheca Americana. Selected Americana. Microfiche ed. / J. Sabin]) (Fiche book) 
500 |a Microform. 
650 0 |a Mythology  |x Dictionaries, indexes, etc. 
700 1 |a Bernard, Thales,  |d 1821-1873. 
740 0 |a Biographie mythique des dieux et des personnages fabuleux de la Grece, de ... 
999 |a MARS 
999 f f |s c78febaf-d07c-3abb-9be8-e7a5619e617d  |i a2130241-1502-3ccf-b507-662e73c0f5a7  |t 0 
952 f f |p normal  |a Texas A&M University  |b College Station  |c Sterling C. Evans Library  |d Evans: Microforms (3rd floor)  |t 0  |e fiche C 4310  |h Other scheme  |i microform -- microfiche  |m A14821749836 
998 f f |a fiche C 4310  |t 0  |l Evans: Microforms (3rd floor)